Informe anual IFARHU 1979
Presenta el informe de las actividades realizadas por el IFARHU de Panamá, en 1979. Informa sobre registro, aprovechamiento y formación de recursos humnanos, sobre asistencia educativa (beca comunitaria e individual a estudiantes, orientación profesional), y sobre actividades desarrolladas por la s...
Պահպանված է:
| Համատեղ հեղինակ: | |
|---|---|
| Ձևաչափ: | Տեքստ |
| Հրապարակվել է: |
Panamá:
IFARHU
|
| Ցուցիչներ: |
Ավելացրեք ցուցիչ
Չկան պիտակներ, Եղեք առաջինը, ով նշում է այս գրառումը!
|
MARC
| LEADER | 00000 a a2200000 04500 | ||
|---|---|---|---|
| 001 | 20322 | ||
| 003 | |||
| 040 | |||
| 090 | |a 084500 | ||
| 110 | |a Instituto para la Formación y Aprovechamiento de los Recursos Humanos | ||
| 245 | |a Informe anual IFARHU 1979 | ||
| 260 | |a Panamá: |b IFARHU | ||
| 300 | |a 84 p. | ||
| 520 | |a Presenta el informe de las actividades realizadas por el IFARHU de Panamá, en 1979. Informa sobre registro, aprovechamiento y formación de recursos humnanos, sobre asistencia educativa (beca comunitaria e individual a estudiantes, orientación profesional), y sobre actividades desarrolladas por la secretaría general, el departamento de relaciones públicas, el centro infantil IFARHU, la escuela de idiomas y las agencias regionales./ACM | ||
| 999 | |c 14047 |d 14047 | ||
